Music Quiz

Random Music or Clickable Quiz

2000s Song Title Beginnings Quiz Stats

 Plays Quiz Updated May 6, 2018

Support Sporcle.
Go Orange.
Score 0/32 Timer 05:00
0 Plays Today
% Correct
Oops
96.5%
Cry
96.3%
Poker
95.5%
Since
95.2%
Boom
95.1%
Single
94.7%
Gold
94.7%
Back
94.4%
Hips
94%
Bring
93.3%
Makes
93%
Hey
92.7%
American
92.1%
Party
91.9%
Drop
90.9%
Paper
90.2%
% Correct
Hot
89.9%
Touch
89.5%
Beverly
89.1%
Beautiful
88.6%
Feel
87.8%
Hollaback
87.8%
Seven
87.5%
Stacy’s
86.4%
Hanging
85.6%
Pocketful
85.1%
Family
84.8%
Crank
82.7%
Independent
82.5%
Try
79.7%
Sugar
78.6%
Dirt
73.7%

You're not logged in!

Compare scores with friends on all Sporcle quizzes.
OR
Log In

From the Vault

Monty Python and the Holy Grail Trivia

by ntnon

Bring out your dead! I'm getting better! I feel fine!
Remove Ads.
Support Sporcle.
Get the best of Sporcle when you Go Orange. This ad-free experience offers more features, more stats, and more fun while also helping to support Sporcle. Thank you for becoming a member.

Show Comments

Extras

Top Quizzes Today


Score Distribution

Your Account Isn't Verified!

In order to create a playlist on Sporcle, you need to verify the email address you used during registration. Go to your Sporcle Settings to finish the process.

Report this User

Report this user for behavior that violates our Community Guidelines.

Details: